| 000 | 01294ngm a22003490a 4500 | ||
|---|---|---|---|
| 001 | PT28756 | ||
| 003 | AR-LpoUNG | ||
| 005 | 20210201232305.0 | ||
| 007 | co ||u|||uuuuu | ||
| 008 | 191001s2008||||ag |||||||||||||||||spa d | ||
| 040 |
_aAR-LpoUNG _bspa _cAR-LpoUNG _eaacr |
||
| 041 | _aspa | ||
| 044 | _aag | ||
| 082 | 0 | _a501 367cd2 | |
| 100 | 1 | _aAleman, María Alejandra | |
| 245 | 1 | 0 |
_aTaller de ciencias 2008 : _bcuadernillo para estudiantes |
| 260 |
_as.l. : _bs.n., _c2008. |
||
| 300 | _ail. | ||
| 505 | 0 | _aMaterial preparado con fines de estudio o recreación, para uso exclusivo y personal de usuarios no videntes, o con otras discapacidades perceptivas. | |
| 520 | _aEl objetivo de este taller es que los estudiantes comiencen a desarrollar la capacidad para comprender y utilizar las herramientas y procedimientos vinculados a la labor científica, necesarios para la producción de conocimientos. | ||
| 650 | 4 | _aCIENCIA | |
| 650 | 4 | _aCONOCIMIENTO | |
| 650 | 4 | _aCULTURA CIENTIFICA | |
| 650 | 4 | _aFISICA | |
| 651 | 4 | _aDOCUMENTOS TEORICOS O METODOLOGICOS | |
| 653 | _aDISCAPACIDAD VISUAL | ||
| 700 | 1 | _aAntúnez, Gladys | |
| 700 | 1 | _aCosta, María Ignacia | |
| 710 | 2 | _aUniversidad Nacional de General Sarmiento (Buenos Aires) | |
| 905 | _a28756 | ||
| 942 | _cCDDVD | ||
| 999 |
_c53260 _d53260 |
||